[Event "Olomouc AZ Sanace Cup"]
[Site "Olomouc"]
[Date "1998.08.12"]
[Round "5"]
[White "Polak, Tomas"]
[Black "Kalod, Radek"]
[Result "1/2-1/2"]
[WhiteElo "2525"]
[BlackElo "2435"]
[Annotator "Ftacnik,L"]
[PlyCount "81"]
[EventDate "1998.08.08"]
[EventType "tourn"]
[EventRounds "9"]
[EventCountry "CZE"]
[EventCategory "10"]
[SourceTitle "CBM 067"]
[Source "ChessBase"]
[SourceDate "1998.11.30"]
[SourceVersion "2"]
[SourceVersionDate "1998.11.01"]
[SourceQuality "1"]

1. d4 Nf6 2. c4 g6 3. Nc3 d5 4. cxd5 Nxd5 5. e4 Nxc3 6. bxc3 Bg7 7. Nf3 c5 8.
Rb1 O-O 9. Be2 cxd4 10. cxd4 Qa5+ 11. Bd2 Qxa2 12. O-O b6 13. Qc1 Bb7 14. Bc4
Qa4 15. Bb5 Qa2 16. Bc4 Qa4 17. Bb5 Qa2 18. Re1 Rc8 19. Qd1 Qc2 20. Qe2 Nc6 (
20... Qc7 $5 21. Rbc1 Qd8 22. Rxc8 Qxc8 23. Rc1 Qd8 24. Bf4 a5 25. Ng5 Na6 26.
Qa2 e6 27. Bxa6 Bxa6 28. Nxf7 $1 $16 {Khalifman,A-Dvoirys,S/Leningrad/1990/1|0/
48/}) 21. Bd3 (21. Rec1 Qa2 22. Bc4 Nxd4 23. Nxd4 Rxc4 24. Qxc4 Qxd2 25. Nc6 (
25. Rd1 $6 Qf4 26. f3 $2 (26. Re1 Rc8 $15) 26... Be5 27. g3 (27. h3 Qh2+ 28.
Kf1 Rc8 29. Qa2 $8 a5 30. Ne2 Ba6 31. Kf2 Bxe2 32. Qxe2 Rc3 33. Rd3 Rxd3 34.
Qxd3 Bg3+ 35. Ke3 Qxg2 $19) 27... Qe3+ 28. Kg2 Rc8 29. Nc2 (29. Qa4 Bxd4 30.
Rxd4 Qe2+ $19) 29... Qxf3+ 30. Kxf3 Rxc4 $19 {0-1 De Boer,G-Rytshagov,M/
Amsterdam op 1995 (37)}) (25. Nf3 $13) 25... Qd7 26. Qd5 Bxc6 27. Rxc6 Qxd5 28.
exd5 Be5 29. Kf1 Bd6 30. Ra1 {1/2-1/2 Tratar,M-Jelen,Ig/SLO-ch 1996}) (21. d5
$13) 21... Qa2 22. Ra1 (22. Bc4 Qa4 (22... Qa3 23. Bxf7+ Kxf7 24. Qc4+ $13) 23.
Bb5 (23. Bb3 Qa6 24. Qe3 (24. Bc4) 24... e6 $5 (24... Rf8 25. Ra1 Na5 $6 (25...
Qb5 26. Reb1 Qh5 27. h3 $1 e6 $5 $44 28. Kh2 $140 g5) 26. Reb1 $1 {/\ 25.Bd1,
25.Qe1} Rac8 $2 (26... Bc6 27. Bb4 Rae8 28. d5 Bd7 29. e5 $36 {[+], >>}) (26...
Rab8 27. Bb4 $1 $16) 27. Bd1 $1 $18 {~/= Komarov,D-Liss,E/Paris 1996}) (24...
Na5 $6 25. Bxf7+ $1 Kxf7 26. Ng5+ Kg8 (26... Ke8 27. Qh3 $1 $40 Bxd4 28. Qxh7
Rc6 (28... b5 29. Bxa5 (29. e5 $5 {/\ e6} Rc2 30. e6 Bxf2+ 31. Kh1 Kd8 32. Red1
$40) 29... Qf6 30. Red1 $1 {1-0 Poluljahov,A-Tseshkovsky,V/Krasnodar 1996 (42)}
) 29. Bb4 Bc5 30. Red1 $18) 27. Qh3 (27. Bxa5 $2 bxa5 $1 28. Qb3+ Rc4 29. Qxb7
Qxb7 30. Rxb7 Bxd4 $19) 27... h6 28. Qe6+ (28. Ne6 $1 h5 29. Qg3 Kh7 $1 30. Qg5
Rg8 31. d5 Nc4 32. Ra1 Qb5 33. Nxg7 Nxd2 34. Ne6 Qb4 $13) 28... Kh8 29. Re3 (
29. Nf7+ Kh7 30. Bxh6 Qc4 31. d5 Qc3 32. Bxg7 Qxg7 33. Ng5+ Kh8 34. Re3 Qg8 {
1-0 Lobron,E-Konguveel,P/Linares op 1996}) 29... b5 30. Nf7+ (30. Bxa5 Rc6 31.
Nf7+ Kh7 32. Ng5+ Kh8 $10) 30... Kh7 31. Ng5+ Kh8 32. Nf7+ Kh7 33. Ng5+ {
1/2-1/2 Lautier,J-Shirov,A/Belgrade Invest 1995}) 25. d5 exd5 26. exd5 Na5 $13)
(23. Ra1 Qc2 24. Ra2 Nxd4 25. Rxc2 Nxe2+ 26. Rxe2 Rxc4 27. Rxc4 Ba6 $19) 23...
Qc2 24. Bd3 {1/2-1/2 Khalifman,A-Oll,L/Parnu-A 1996}) 22... Qb2 (22... Qb3 $2
23. Reb1 Qe6 24. d5 $18) 23. Ra4 (23. Reb1 $2 Nxd4 $1 $19) 23... Qb3 (23... b5
24. Bxb5 a6 25. Bd3 $14) 24. Rea1 {Nothing new under the sun, the black queen
manages to get away from danger without being hurt. In the meantime white gets
his sacrificed pawn back.} Nd8 (24... Na5 25. Rxa5 bxa5 26. Rb1 Qa2 27. Rxb7 a4
28. h4 a3 29. Kh2 $14) (24... a5 $2 25. R1a3 $1 Qb2 26. Ra2 Qb3 27. R4a3 Qe6
28. d5 $16) 25. R1a3 (25. Rxa7 Rxa7 26. Rxa7 Qb2 27. d5 Ra8 28. Rxa8 Bxa8 29.
Be3 $16) (25. R4a3 Qb2 $2 (25... Qe6 26. Rxa7 Qd6 27. Be3 Nc6) 26. R1a2 Rc1+
27. Bxc1 Qxc1+ 28. Qf1 $18) 25... Qe6 26. Rxa7 Rxa7 27. Rxa7 Ra8 $146 {The
first independent move in the game, black changes rooks to ease the pressure.}
(27... Qd6 28. Be3 (28. d5 e6 $5) 28... e6 29. h4 Rc7 (29... Ra8 30. Rxa8 Bxa8
31. Qa2 Qb8 32. d5) (29... h5 30. Qb2 $1 {/\ Nf3-d2-c4}) 30. Ra4 {1-0
Solozhenkin,E-Beshukov,S/RUS-ch 1996 (45)}) 28. Rxa8 Bxa8 29. h3 (29. Bf4 Qd7 (
29... Nc6 $2 30. d5 Qf6 31. Be3 Qa1+ 32. Qf1 $16) 30. d5 Nb7 $14) 29... Qa2 30.
Kh2 Qb2 (30... Ne6 31. Bc4 (31. d5 Nc5 32. Bc4 Qc2 33. e5 b5 $1 34. Bxb5 Bxd5
$15) 31... Qc2 32. Bxe6 fxe6 33. Qb5 Qc6 34. Qb3 $14) 31. d5 Nb7 (31... e6 32.
Bc4 b5 $2 33. Bxb5 exd5 34. exd5 Bxd5 35. Qe8+ Bf8 36. Qxd8 Bxf3 37. Bh6 Qe5+
38. Kg1 Qa1+ 39. Bf1 Qa8 40. Qxf8+ Qxf8 41. Bxf8 $18) 32. Qe3 Nc5 33. Qf4 $1 {
[%mdl 128] White chances are better, since his central pawn is stronger than
the Pb6 and the attack alongside the 8th rank is unpleasant.} h6 (33... Nxd3 $2
34. Qb8+ Bf8 35. Bh6 $18) 34. Bc4 (34. Qb8+ Kh7 35. Qxa8 Nxd3 36. Qe8 Nxf2 (
36... Ne5 37. Be3 Nxf3+ 38. gxf3 Qf6 $14) 37. Qxe7 Qf6 $14) 34... Bb7 (34...
Qc2 $5 35. Qb8+ Kh7 36. Qxa8 Qxc4 37. Qe8 (37. e5 Nd3 $17) 37... Nxe4 38. Qxf7
Nxd2 39. Nxd2 Qe2 $15) 35. Be3 Qb4 (35... b5 $2 36. Qb8+ Kh7 37. Bf1 $1 $18)
36. Qb8+ Kh7 37. Bxc5 Qxc4 (37... bxc5 38. d6 Bc6 39. Qxb4 cxb4 40. dxe7 $14)
38. Bxe7 (38. Qxb7 $6 Qxc5 $15) 38... Ba6 39. Qf4 {In timetrouble white loses
the thread and his advantage evaporates.} (39. Qe8 $5 Qxe4 40. Qxf7 Qf5 41.
Qxf5 gxf5 42. d6 Bc8 $14) 39... f5 40. Qh4 (40. d6 Bc8 41. Qh4 fxe4 42. Ng5+
Kg8 43. Nxe4 Qe6 $14) 40... fxe4 41. Ng5+ (41. Ng5+ Kg8 42. Nxe4 g5 43. Qg4
Qxd5 $11) 1/2-1/2

[Event "San Roque"]
[Site "San Roque"]
[Date "1996.??.??"]
[Round "3"]
[White "Ehlvest, Jaan"]
[Black "De la Villa Garcia, Jesus Maria"]
[Result "1-0"]
[WhiteElo "2660"]
[BlackElo "2525"]
[Annotator "Ftacnik,L"]
[PlyCount "79"]
[EventDate "1996.02.??"]
[EventType "tourn"]
[EventRounds "9"]
[EventCountry "ESP"]
[EventCategory "11"]
[SourceTitle "CBM 057"]
[Source "ChessBase"]
[SourceDate "1997.04.01"]
[SourceVersion "1"]
[SourceVersionDate "1997.04.01"]
[SourceQuality "1"]

1. d4 {Avrukh,B} Nf6 2. Nf3 g6 3. c4 Bg7 4. Nc3 d5 5. cxd5 Nxd5 6. e4 Nxc3 7.
bxc3 c5 8. Be3 Qa5 9. Qd2 O-O 10. Rc1 cxd4 11. cxd4 Qxd2+ 12. Nxd2 Nc6 13. d5 (
13. Nb3 {Avrukh,B} Rd8 14. d5 Nb4 15. Bd2 Na6 16. Bxa6 bxa6 17. Ba5 Re8 18. O-O
f5 19. f3 fxe4 20. fxe4 Bd7 $14 {Vyzmanavin-Krasenkov 1992}) 13... Nb4 (13...
Ne5 {Avrukh,B}) 14. Bc4 (14. Bc5 $5 Nxa2 15. Rc2 Nc3 16. Bb4 Na4 17. Bb5 a5 18.
Bxe7 Nc3 19. Bxf8 Kxf8 20. Nc4 Nxb5 21. Nb6 Rb8 22. Nxc8 Nd4 23. Rc7 b5 24. O-O
a4 25. d6 {1-0 Oehr,R-Bachmann,A/RLNS 8788/1988 (37)}) 14... Bb2 15. Rb1 Nc2+
16. Ke2 Nxe3 17. Rxb2 Nxg2 (17... Nxc4 18. Nxc4 Rd8 19. Rc1 $14) 18. Kf3 $1 (
18. Rc1 g5 19. Bb3 Nf4+ 20. Ke3 Bh3 21. Rbc2 Rac8 22. Nc4 e6 23. Nd6 Rxc2 24.
Rxc2 exd5 25. exd5 Rd8 26. Ne4 Bf5 27. Rc7 Kg7 28. d6 Bxe4 29. Kxe4 Rxd6 30.
Rxf7+ Kg6 31. Rxb7 Rd2 {1/2-1/2 Portisch,L-Adorjan,A/HUN/1981 (41)}) 18... Nh4+
19. Kg3 g5 20. f4 h6 (20... Ng6 21. fxg5 Ne5 22. Kf4 $1 Ng6+ 23. Ke3 $16) 21.
Nf3 $1 Nxf3 22. Kxf3 {White believes to have plenty of compensation, since on
top of his strong pawn center all of his pieces are more active. Weiss glaubt
an seine Kompensation, weil er nicht nur ein starkes Zentrum besitzt sondern
auch alle seine Figuren aktiver stehen.} b6 (22... Kh8 23. Rc1 b6 24. Bb3 {xc7}
) (22... Kg7 {Avrukh,B} 23. Rc1) 23. Rg1 Bb7 (23... f6 24. d6+ e6 (24... Kg7 $1
{Avrukh,B} 25. Bd5 Rb8 26. dxe7 Re8 $15) 25. h4 $40 (25. f5 Kf7 26. Rc1 Rd8 27.
Rd2 Bd7 28. Bb3 Rdc8 29. Rdc2 $16)) 24. fxg5 Rac8 25. Bb3 Rc3+ (25... h5 {
Avrukh,B} 26. d6 (26. Ke3 Kg7 27. Kd4 Rc5 $5 $10) 26... exd6 27. g6 d5 $1 $10)
26. Kf4 Kh7 (26... hxg5+ 27. Rxg5+ Kh7 28. Rh5+ Kg6 29. Rh4 $1 $16) (26... h5 {
Avrukh,B}) 27. gxh6 Kxh6 28. Rbg2 Ba6 $8 (28... Rh3 {Avrukh,B}) 29. Rg3 (29.
Rg4 Rh3 $132) 29... Rxg3 $2 (29... Rfc8 $16) (29... Rfc8 {Avrukh,B} 30. Rg7 Be2
) 30. Rxg3 f6 31. Bd1 $1 Bc4 32. Kf5 $1 Rc8 (32... Bxa2 {Avrukh,B} 33. Ke6 $1
Re8 34. Kf7 Rc8 35. Kxe7 f5 36. d6 $16) 33. Bb3 $6 (33. Ke6 $1 Rc7 34. Kf7 $5 (
34. Bg4 Bxa2 (34... Kg5 35. Be2+ Kf4 36. Bxc4 Rxc4 37. Kxe7 Rxe4+ 38. Kxf6 $18)
35. Bf5 Kh5 $1 $13) 34... Bxa2 35. Rg6+ Kh7 36. Bg4 $1 e6+ 37. Kxf6 exd5 38. e5
d4 $13 (38... d4 {Avrukh,B} 39. e6 Bb1 40. Rg5 $18)) 33... b5 34. Bxc4 (34. Ke6
Rc7 35. Rg8 Bd3 36. Kf5 a5 $132) 34... bxc4 (34... Rxc4 {Avrukh,B} 35. Rh3+ Kg7
36. Ra3 Rc7 37. Ra6 $16) 35. Rc3 Rc7 36. a4 (36. e5 {Avrukh,B} fxe5 37. Kxe5
Rc8 38. Kd4 Kg5 39. Rxc4 Rh8) 36... Kg7 37. e5 (37. Ke6 Kg6 38. d6 exd6 39.
Kxd6 Rh7 $132) 37... fxe5 38. Kxe5 Rc8 39. Ke6 Rc7 40. a5 $138 (40. h4 $14) (
40. a5 $2 {Avrukh,B} a6 {1-0 Ehlvest,J-De la Villa Garcia,J/San Roque 1996/57/
[Avrukh,B]} (40... a6 $1 {Avrukh,B} 41. d6 (41. h4 Rc5 $10) 41... exd6 42. Kxd6
Rc8 43. Kd5 (43. h4 Kf6 44. Kd5 Rh8 45. Rxc4 Rh5+ $10) 43... Rh8 44. Kxc4 Rxh2
45. Kc5 Kf7 46. Kb6 Rh6+ 47. Kb7 Ke7 48. Rb3 Kd7 49. Rb6 Rh5 50. Kxa6 Kc7 $10))
(40. d6 {Avrukh,B} exd6 41. Kxd6 Rc8 42. Kd5 Rh8 43. Rxc4 Rxh2 44. Rc7+ Kf6 45.
Rxa7 Rd2+ $10) (40. h4 $142 {Avrukh,B} Kg6 41. d6 exd6 42. Kxd6 Rc8 43. Kd5 {
With good wining chances.}) 1-0

[Event "San Roque"]
[Site "San Roque"]
[Date "1996.??.??"]
[Round "3"]
[White "Garcia Ilundain, David"]
[Black "Sion Castro, Marcelino"]
[Result "1-0"]
[WhiteElo "2550"]
[BlackElo "2400"]
[Annotator "Ftacnik,L"]
[PlyCount "61"]
[EventDate "1996.02.??"]
[EventType "tourn"]
[EventRounds "9"]
[EventCountry "ESP"]
[EventCategory "11"]
[SourceTitle "CBM 057"]
[Source "ChessBase"]
[SourceDate "1997.04.01"]
[SourceVersion "1"]
[SourceVersionDate "1997.04.01"]
[SourceQuality "1"]

1. d4 Nf6 2. c4 g6 3. Nc3 d5 4. Nf3 Bg7 5. cxd5 Nxd5 6. e4 Nxc3 7. bxc3 c5 8.
Bb5+ Nc6 9. O-O O-O 10. Be3 cxd4 11. cxd4 Bg4 12. Bxc6 bxc6 13. Rc1 Qa5 14. Qd2
Qxd2 15. Nxd2 Rfd8 16. Nb3 Be6 (16... a5 17. Rxc6 (17. f3 Be6 18. Rc2 (18. Nc5
Bxd4 19. Bxd4 Rxd4 20. Nxe6 fxe6 21. Rxc6 Rd2 22. Rf2 (22. Rxe6 Kf7) 22... Rd1+
23. Rf1 Rd2 24. Rf2 {1/2-1/2 Ftacnik,L-Krasenkow,M/Jakarta Gun (01) 1996})
18... Bxb3 19. axb3 Rab8 20. e5 Rxb3 21. Kf2 f6 22. f4 fxe5 23. dxe5 Bxe5 24.
Rxc6 Bf6 25. Ra6 Rdd3 26. Bc1 {Zilberstein,D-Stohl,I/Hradec Kralove (01)/1988/
1/2-1/2 (59)}) 17... a4 18. Nc5 Be2 (18... Bxd4 19. Bxd4 Rxd4 20. f3 Rc8 21.
Rxc8+ Bxc8 22. Rc1 a3 23. h4 Be6 {1/2-1/2 Angelov,R-Fernandez,Jos/Katerini op/
1992/}) 19. Re1 Bxd4 20. Rxe2 Bxc5 21. g3 Bxe3 22. Rxe3 Rd2 23. a3 Rb8 24. Rc4
Rbb2 25. Rf3 Rb3 {1/2-1/2 Razuvaev,Y-Tseshkovsky,V/URS-ch47 Minsk/1979/}) (
16... Be2 17. Rfe1 Bb5 18. e5 a5 19. Nc5 a4 20. f3 Rd5 21. Rc3 f6 22. f4 Kf7
23. Kf2 f5 24. Rec1 e6 25. h3 Bf8 26. g4 Be7 27. Kg3 h5 28. g5 {1/2-1/2 Flear,
G-Lalic,B/Zenica/1987 (32)}) 17. Rfd1 Bxb3 (17... a5 18. Rxc6 a4 19. Nc1 $16)
18. axb3 Rab8 19. Rxc6 Rxb3 20. Rdc1 f5 $6 {The disadvantage of this move is
in forcing white to push his e pawn and one of the d-e pair will be closer to
the promotion square. Der Nachteil dieses Zuges besteht darin, daß das weiße
Bauernpaar d-e näher an das Umwandlungsfeld heranrückt.} (20... Bxd4 $2 21. Rc8
Rb8 (21... Rxc8 22. Rxc8+ Kg7 23. Bxd4+ e5 24. Bxe5+ f6 25. Bf4 $18) 22. Rxb8
Rxb8 23. Bxd4 $18) (20... a5 21. e5 $1 (21. d5 a4 $13) 21... f6 (21... a4 22.
Ra6 a3 23. Ra1 Rdb8 24. g3 $16) 22. e6 Kf8 23. Ra6 f5 24. Rxa5 Bxd4 $14) 21. e5
Rd3 $2 (21... Kf7 22. g3 a5 23. Ra6 Rd5 24. Rc7 $14) 22. g3 g5 23. Bxg5 R8xd4
24. e6 $1 (24. Bxe7 Rd1+ 25. Rxd1 Rxd1+ 26. Kg2 Bxe5 $14) 24... Rd1+ (24... Bf8
25. Rc7 Rd1+ (25... Re4 26. Bxe7 Rxe6 27. Bxf8 Kxf8 28. Rxh7 $18) 26. Rxd1
Rxd1+ 27. Kg2 Rd6 28. Bxe7 Rxe6 29. Bxf8 Kxf8 30. Rxh7 $16) 25. Rxd1 Rxd1+ 26.
Kg2 h6 (26... Bf8 27. Rc7 $16) 27. Bxe7 Re1 28. Bb4 Re4 29. Rc8+ Kh7 30. e7 a5
31. Bd6 (31. Bxa5 $2 Rxe7 $14) (31. Bd6 Bf6 32. e8=Q $18) 1-0

[Event "Tan Chin Nam Cup 3rd "]
[Site "Beijing"]
[Date "1997.08.16"]
[Round "7"]
[White "Atalik, Suat"]
[Black "Alterman, Boris"]
[Result "1-0"]
[WhiteElo "2590"]
[BlackElo "2615"]
[Annotator "Ftacnik,L"]
[PlyCount "83"]
[EventDate "1997.08.11"]
[EventType "tourn"]
[EventRounds "11"]
[EventCountry "CHN"]
[EventCategory "12"]
[SourceTitle "CBM 061"]
[Source "ChessBase"]
[SourceDate "1997.11.23"]
[SourceVersion "1"]
[SourceVersionDate "1997.11.23"]
[SourceQuality "1"]

1. d4 Nf6 2. c4 g6 3. Nc3 d5 4. cxd5 Nxd5 5. e4 Nxc3 6. bxc3 Bg7 7. Bb5+ c6 8.
Ba4 a5 (8... O-O 9. Ne2 c5 $5) 9. Ne2 b5 10. Bb3 (10. Bc2 b4 11. cxb4 axb4 12.
Bb3 O-O 13. Be3 Bb7 14. Rc1 Nd7 15. O-O e5 16. f3 Qa5 17. Qd2 Rfd8 18. Bg5 exd4
19. Bxd8 Rxd8 20. Rfd1 Ne5 21. h3 c5 22. f4 Bh6 23. Qc2 c4 24. Bxc4 Nxc4 {
Aleksandrov,A-Lalic,B/EU-chTM 1997/0-1 (37)}) 10... O-O (10... a4 11. Bc2 O-O
12. Ba3 Na6 13. O-O c5 14. Rb1 Rb8 15. dxc5 Qc7 16. Qd3 Rd8 17. Qe3 Be6 18. Bd3
Qd7 19. Nc1 Qc6 20. Be2 Rdc8 21. Rd1 Bf8 22. Rd4 Nxc5 {Kortschnoj,V-Gulko,B/
Beersheba 1993/1/2-1/2 (36)}) 11. O-O (11. a3 $5) 11... a4 12. Bc2 Ba6 (12...
c5 13. Be3 (13. Rb1 b4 14. cxb4 cxd4 15. Bxa4 Bb7 $44) 13... Na6 (13... cxd4
14. cxd4 Ba6 (14... Nc6 15. d5 (15. Rb1) 15... Ne5 (15... Nb4 16. Bd4 $16) 16.
Bd4 e6 17. f4 (17. Rb1 Ba6 18. dxe6 fxe6 19. f4 Nc6 $13) 17... Nc4 18. Bxg7
Kxg7 19. Qd4+ Kg8 20. Bd3 $6 (20. Nc3 Ba6 21. Bd3 Rc8 22. Rf2 $13) 20... exd5
21. exd5 Nd6 22. Nc3 Rb8 $15 {Korotylev,A-Notkin,M/Russia/1996/}) 15. Rb1 Nc6
16. d5 Ne5 17. Nd4 {><c6} (17. Bd4 Rc8 $132) 17... Qd7 18. Bf4 Nc4 19. Bg5 e6
20. Nc6 Rfe8 (20... Na3 21. Rb4 Bb7 22. Ne7+ Kh8 23. Bd3 f6 24. Bc1 Nc4 25.
Bxc4 bxc4 26. d6 $14 Rfd8 $140 27. Ba3) 21. Qf3 exd5 22. exd5 Ne5 23. Nxe5 Bxe5
{1-0 Sokolov,I-Tseitlin,M/Ljubljana 1995 (60)}) 14. Rb1 Bd7 15. f4 e6 16. dxc5
Qc7 17. Qd6 Rfc8 18. Rfd1 Be8 19. Qxc7 Rxc7 20. c6 Bxc6 21. Bd3 Rb8 22. Nd4 Be8
23. Nxb5 Bxb5 24. Rxb5 {Dao Thien Hai-Mach,H/Budapest Spring op 1995/1-0 (58)})
(12... e5 13. Be3 Na6 14. Qc1 Be6 15. Rd1 Bc4 16. Ng3 Qa5 17. Bh6 Bxh6 {
1/2-1/2 Afanasiev,V-Kriventsov,S/Moscow-ch op 1995/}) (12... Na6 13. Bg5 f6 14.
Be3 e5 15. f4 Be6 16. Qe1 Bc4 17. Rf3 Qe7 18. h4 exd4 19. Bxd4 c5 20. Be3 Rad8
21. Nc1 Rd7 22. Rh3 f5 23. e5 h5 24. Qf2 {Balogh,T-Konopka,M/SVK-chT 1995/1/
2-1/2 (54)}) (12... Nd7 13. f4 (13. Be3 e5) 13... f5 14. exf5 gxf5 15. Ng3 Nb6
(15... e6 $5 16. Nh5 Bh8 17. Rf3 Nf6 $14) 16. Nh5 Bh8 17. Rf3 Nc4 (17... b4 $5
18. Rg3+ Kf7 $13) 18. Rg3+ Kf7 19. Rh3 Qd5 20. Ng3 Kg8 21. Rh5 e6 22. Rg5+ Bg7
23. Nh5 Ra7 24. Bd3 h6 25. Rg3 {1-0 Chuchelov,V-Grimm,S/Porz 1992 (28)}) 13.
Re1 Nd7 14. e5 e6 15. Ng3 c5 16. Ne4 Qc7 17. Ba3 Rfd8 (17... b4 18. cxb4 cxd4
19. b5 Rfc8 20. Nd6 $1 Qxc2 (20... Bxb5 21. Be4 $18) 21. Nxc8 Qxd1 22. Ne7+ $18
) 18. Bxc5 Nxc5 $6 {Alterman hopes to get the counterplay against the weak c3
pawn, but he could have equalized much easier. Alterman hoft um Gegenspiel auf
schwachen c3 Bauern, aber er konnte ziemlich leicht ausgleichen.} (18... Bxe5
$1 19. dxe5 Nxc5 20. Nf6+ Kg7 21. Qf3 Bb7 22. Qh3 h6 $11) 19. Nxc5 Qa5 20. Qd2
(20. Re3 b4 21. Qf3 Bh6 $132) (20. Qf3 b4 21. Nxa4 bxc3) 20... Rac8 21. Qe3 Bf8
22. Ne4 Bb7 $2 (22... b4 $1 23. Qh3 Be7 24. Re3 bxc3 25. Rd1 $14) 23. Nf6+ Kh8
24. Qh3 h6 25. Re3 Rxd4 (25... b4 26. Rb1 Rxd4 $1 27. Ng4 $1 (27. Bxg6 bxc3 28.
Bc2 Rb4 29. Ree1 $14) (27. cxd4 Rxc2 28. Nd7 Bg7 29. Nc5 Bd5 $13) 27... Bxg2 (
27... h5 28. Bxg6 fxg6 29. cxd4 $16) 28. Kxg2 Qd5+ 29. Kg1 $18) 26. Bxg6 $1 {
With this move black king becomes very exposed. Damit wird der schwarze Konig
sehr erschwacht.} (26. cxd4 Rxc2 27. Ng4 Qd2 28. Rf1 h5 $13) 26... Rdc4 (26...
fxg6 27. cxd4 Qd2 28. Ree1 Rc2 29. Rf1 Qg5 30. g3 $18) 27. Bd3 (27. Bxf7 Rxc3
28. Rxc3 Qxc3 (28... Rxc3 29. Qg4 Bg7 30. Ne8 $18) 29. Qxc3 Rxc3 30. Bxe6 Rc2
$16) 27... Qxc3 28. Rf1 Bg7 (28... Rd4 29. Ng4 Qc6 30. Nxh6 Qxg2+ 31. Qxg2 Bxg2
32. Nxf7+ Kg7 33. Kxg2 Kxf7 34. Bxb5 $18) 29. Qh5 (29. Bxc4 Qxc4 30. Qh5 $18)
29... Rf8 (29... Rd4 30. Bxb5 $18) 30. Rh3 Qd2 $8 (30... Rf4 31. Qxh6+ $1 Bxh6
32. Rxh6+ Kg7 33. Rh7#) (30... Rd8 31. Qg5 $1 Rxd3 32. Rxh6+ $18) 31. Bxc4 bxc4
32. Rd1 Qc2 (32... Qxa2 33. Qg5 $18) (32... Qf4 33. Rh4 Qf5 34. Qxf5 exf5 35.
Rxc4 $18) 33. Rg3 Be4 (33... c3 34. Qg4 Qg6 35. Qxa4 $18) 34. h4 (34. Nxe4 Qxe4
35. Rc3 Qf4 36. Rdc1 Rc8 37. g3 Qxe5 38. Qxe5 Bxe5 39. Rxc4 $18) 34... Bg6 35.
Qf3 Rb8 (35... Qxa2 36. Qg4 h5 37. Qd4 $16) 36. h5 Bf5 (36... Qxd1+ 37. Qxd1
Rb1 38. Qxb1 Bxb1 39. a3 Bd3 40. Rg4 $18) 37. Rd7 Rf8 (37... Qxa2 38. Rxg7 $1
Kxg7 39. Qg3+ Kh8 40. Rxf7 $18) 38. Rxg7 $1 Qc1+ (38... Kxg7 39. Qg3+ Kh8 40.
Rxf7 $1 $18) 39. Rd1 (39. Kh2 Kxg7 40. Qg3+ Qg5) 39... Qxd1+ 40. Qxd1 Kxg7 41.
Qd4 Rc8 42. Qc3 (42. g4 c3 43. Qd7 Rb8 44. Kh2 c2 45. Qc6 Rb1 46. Qc8 Bh7 47.
Nd7 $18) 1-0